La comunidad nacional y usted al Consejo con Carlos Monge A.
Guardado en:
| Autor principal: | |
|---|---|
| Formato: | Texto |
| Publicado: |
sn.t. :
|
| Etiquetas: |
Agregar Etiqueta
Sin Etiquetas, Sea el primero en etiquetar este registro!
|
MARC
| LEADER | 00000 a a2200000 04500 | ||
|---|---|---|---|
| 001 | 15872 | ||
| 003 | |||
| 040 | |||
| 090 | |a 016200 | ||
| 100 | |a Monge Alfaro, Carlos | ||
| 245 | |a La comunidad nacional y usted al Consejo con Carlos Monge A. | ||
| 260 | |a sn.t. : | ||
| 300 | |a 7; 15 p. | ||
| 999 | |c 13542 |d 13542 | ||
